| 000 | 00460nam a2200169Ia 4500 | ||
|---|---|---|---|
| 008 | 230917s9999||||xx |||||||||||||| ||und|| | ||
| 020 | _cRS695 | ||
| 040 |
_e243377 _aMAIN |
||
| 041 | _aEnglish | ||
| 082 | _a658.4092 M687L | ||
| 100 | _aMishra, Soumya | ||
| 245 | 0 | _aLeadership management | |
| 260 |
_aNew Delhi _bAvon Publications _c2015 |
||
| 300 | _avii, 128 p. | ||
| 500 | _a2931 20/11/2017 RBP17/67944 28/11/2017 IMSAR (Dev. & Research) | ||
| 942 | _cBK | ||
| 999 |
_c24568 _d24568 |
||